000 00846nam0a22002651 4500
001 rc\3193388
005 20120628150941.1
021 _aRU
_b[76-44109]
035 _a(NLR Aleph) 007341189
090 _a6110894
_c6110894
100 _a20120628d1976 |||y0rusy50 ca
101 0 _arus
102 _aRU
105 _ay z |||a|
200 1 _aСчастливец - это я
_e[Рассказы
_eПеревод]
_fЮозас Грушас
210 _aВильнюс
_cVaga
_d1976
215 _a303 с.
_d17
327 0 _aРазделы: Тяжелая рука; Свет гнева
464 0 _12001#$aТяжелая рука$aСвет гнева
700 1 _aГрушас
_bЮ. А.
_f1901-1986
_gЮозас Антонович
801 0 _aRU
_bNLR
_gpsbo
801 1 _aRU
_bELAR
_2rusmarc
852 _aNLR
_j76-2/2253
942 _cBOOK
980 _aNB